Bilecik Bilecik Bilecik Bilecik Bilecik

Bilimsel İletişim ve Bilgi Yönetimi Sempozyumu : (Record no. 9409)

MARC details
000 -BAŞLIK
Sabit Uzunluktaki Kontrol Alanı 01374nam a22003497a 4500
001 - KONTROL NUMARASI
Control Dosyası 0009437
003 - KONTROL NUMARASI KİMLİĞİ
Kontrol Alanı KOHA_MİRAKIL
005 - EN SON İŞLEM TARİHİ ve ZAMANI
Kontrol Alanı 20260207001709.0
007 - FİZİKSEL TANIM SABİT ALAN - GENEL BİLGİ
Sabit uzunluklu kontrol alanı ta
008 - SABİT UZUNLUKTAKİ VERİ ÖGELERİ - GENEL BİLGİ
Sabit Alan 091020b2008 tu |||grt|||#0|||0|tur |
020 ## - ISBN - ULUSLARARASI STANDART KİTAP NUMARASI
Isbn 9789759529567
Kullanılabilirlik koşulları 0,01
040 ## - KATALOGLAMA KAYNAĞI
Özgün Kataloglama Kurumu TR-BiSEU
Kataloglama Dili tur
Çeviri Kurumu TR-BiSEU
Açıklama Kuralları rda
041 0# - DİL KODU
Metin ya da ses kaydının dil kodu tur
044 ## - YAYINLAYAN/ÜRETEN KURULUŞUN ÜLKE KODU
ISO country code tu
050 ## - SINIFLAMA ve YER NUMARASI
Sınıflama Numarası Z674.4
Yer Numarası .B54 2006
111 2# - TOPLANTI ADI
Toplantı Adı Bilimsel İletişim ve Bilgi Yönetimi Sempozyumu (2006 : Ankara)
9 (RLIN) 23377
245 1# - ESER ADI BİLDİRİMİ
Başlık Bilimsel İletişim ve Bilgi Yönetimi Sempozyumu :
Alt Eseradı vb. Gazi Üniversitesi, Ankara, 12-14 Eylül 2006 :
-- bildiriler ÜNAK '06/
Sorumluluk Bildirimi editörler Aytaç Yıldızeli, Hatice Kübra Bahşişoğlu; yardımcı editörler Başak Bulgun, Fatih Kumsel, Serap Kazak.
264 #1 - ÜRERİM, YAYIN, DAĞITIM ve TELİF BİLDİRİMİ
Yayın yeri Ankara :
Yayınlayan Üniversite ve Araştırma Kütüphanecileri Derneği
Yayın tarihi 2008
300 ## - FİZİKSEL TANIMLAMA
Sayfa, Cilt vb. 355 sayfa: tablo, resimli
336 ## - İÇERİK TÜRÜ
Content type term metin
Content type code txt
Source rdacontent
337 ## - MEDYA TÜRÜ
Media type term aracısız
Media type code n
Source rdamedia
338 ## - TAŞIYICI TÜRÜ
Carrier type term cilt
Carrier type code nc
Source rdacarrier
490 1# - DİZİ BİLDİRİMİ
Dizi Bildirimi Üniversite ve Araştırma Kütüphanecileri Derneği yayınları ;
Cilt Numarası no.
490 1# - DİZİ BİLDİRİMİ
Dizi Bildirimi 7.
500 ## - GENEL NOT
Genel Not Kaynakça ve dizin var.
650 #0 - KONU BAŞLIĞI EK GİRİŞ - KONU TERİMİ
Konusal terim veya coğrafi ad Bilgi yönetimi--Kongreler
9 (RLIN) 23378
650 #0 - KONU BAŞLIĞI EK GİRİŞ - KONU TERİMİ
Konusal terim veya coğrafi ad Enformasyon hizmetleri--Kongreler.
9 (RLIN) 23379
830 1# - SERİ EK GİRİŞİ - TEKBİÇİM ESER ADI
Tekbiçim Başlık Üniversite ve Araştırma Kütüphanecileri Derneği yayınları ;
Volume number/sequential designation no.
9 (RLIN) 23380
830 1# - SERİ EK GİRİŞİ - TEKBİÇİM ESER ADI
Tekbiçim Başlık 7.
9 (RLIN) 7119
907 ## - LOCAL DATA ELEMENT G, LDG (RLIN)
a Bildiri
942 ## - EK GİRİŞ ÖGELERİ (KOHA)
Source of classification or shelving scheme Library of Congress Classification
Koha item type Book
Holdings
Materyal Türü Kalıcı Konum Mevcut Konum Raf Yeri Sınıflandırma Kaynağı Edinim Bilgisi Ana Konular Alt Konular Yer Numarası Demirbaş Numarası Fatura Tarihi Geri Çekilme Durumu Kayıp Durumu Hasarlı Durumu Kredi için değil Kayıt Tarih Toplam Ödünçverme Son Görülme Tarihi Son Kontrol Tarihi Genel / Bağış Notu
Book Prof. Dr. Azmi Özcan Kütüphanesi Prof. Dr. Azmi Özcan Kütüphanesi Birûni Salonu Library of Congress Classification Bağış BİBLİYOGRAFYA, KÜTÜPHANE BİLİMİ Kitaplar (Genel), Yazı, Kütüphaneler, Bibliyografya Z674.4 .B54 2006 0009437 13/08/2010         20/10/2009 1 05/12/2024 05/12/2024 Genel Bağış